| 000 | 01409 a2200313 4500 | ||
|---|---|---|---|
| 003 | Nust | ||
| 005 | 20170207152515.0 | ||
| 010 | _a 2005298909 | ||
| 020 | _a0890069328 | ||
| 035 | _a(OCoLC)ocm57544121 | ||
| 040 | _cNust | ||
| 082 | 0 | 0 | _a681.25 |
| 245 | 0 | 0 |
_aOptical fiber sensor technology volume three components and subsystems _cBrian Culshaw, John P. Dakin, chairs/editors |
| 246 | 3 | 0 | _aFiber optic sensor technology |
| 260 |
_aBoston: _bArtech house _c1996. |
||
| 300 |
_aviii, 346 p. : _bill. ; _c28 cm. |
||
| 490 | 1 |
_aSPIE proceedings series, _x0277-786X ; _vv. 5589 |
|
| 505 | _aRevisiting Optical Fiber Sensor (Page-1), Fiber Gratings (Page-9),Evanescent Coupled Components (Page-69), Optical Fiber Laser And Amplifiers (Page-103), Advances In High Speed OTDR Detection Techniques (Page-145), Spectral Measurement Techniques For Optical Fiber Sensors (Page-191)index 229 | ||
| 538 | _a Almirah No 26 Shelf No 5 | ||
| 650 | 0 | _aMultiplexing | |
| 650 | 0 | _aTelecommunication engineering | |
| 700 | 1 | _aCulshaw, B. | |
| 700 | 1 |
_aDakin, John, _d1947- |
|
| 700 | 1 |
_aMarcus, Michael A. _d1952- |
|
| 710 | 2 |
_aDenshi J寨寠Ts嵳hin Gakkai (Japan). _bErekutoronikusu Sosaieti. |
|
| 710 | 2 |
_aDenshi J寨寠Ts嵳hin Gakkai (Japan). _bTs嵳hin Sosaieti. |
|
| 710 | 2 | _aSociety of Photo-optical Instrumentation Engineers. | |
| 830 | 0 | _aProceedings of SPIE--the International Society for Optical Engineering ; | |
| 942 | _cREF | ||
| 999 |
_c175996 _d175996 |
||